000 00687nam a2200205Ia 4500
999 _c37641
_d37641
001 3613
003 GE_BSU
005 20190624152826.0
008 181216s2014||||ge |||||||||||||| ||geo||
040 _cGE_BSU
041 _ageo
080 _a663.2(479.223) ა–95
245 _aღვინის ტურიზმი = Винный туризм = Wine tourism /
_cDepartment of tourism and resorts of Ajara.
264 _aბათუმი,
_c2014.
300 _a28 გვ. :
_bილ. ;
_c21 სმ.
653 _aღვინის ტურიზმი აჭარაში
710 _aAjara
_92827
710 _aDepartment of tourism and resorts
_92828
942 _cBK
_2udc